| 000 | 00796nam a2200253 a 4500 | ||
|---|---|---|---|
| 001 | 19213 | ||
| 003 | BD-RjUL | ||
| 005 | 20211209000412.0 | ||
| 008 | 140223s1961 nyu 000 1 eng d | ||
| 035 |
_a(BD-RjUL)19271 _aOCLC 344013 from maso350 |
||
| 040 |
_aDLC _cDLC _dBD-RjUL _beng |
||
| 041 | 1 | _aengfre | |
| 082 |
_a842.09 _bGHA 1961 |
||
| 100 | 1 |
_aGhéon, Henri _d1875-1944. _959121 |
|
| 245 | 1 | 4 |
_aThe art of the theatre / _cHenri Ghéon ; translated by Adele M. Fiske ; introduction by Michel Saint-Denis |
| 260 |
_aNew York : _bHill and Wang, _cc1961 |
||
| 300 |
_axix, 100 p. ; _c19 cm |
||
| 490 | 1 |
_aA Dramabook ; _vD26 |
|
| 650 | 0 |
_aDrama _959122 |
|
| 650 | 0 |
_aFrench drama _xHistory and criticism _959123 |
|
| 942 |
_2ddc _cBK |
||
| 999 |
_c19213 _d19213 |
||